| 000 | 00795nam a2200265 a 4500 | ||
|---|---|---|---|
| 001 | 1924788 | ||
| 003 | OSt | ||
| 005 | 20230619110533.0 | ||
| 008 | 851001s1985 mdua b 001 0 eng | ||
| 010 | _a 85211239 | ||
| 020 | _a0881750905 | ||
| 040 |
_aDLC _cDLC _dDLC |
||
| 082 | 0 | 0 |
_a004 _bLOG |
| 100 | 1 |
_aLogsdon, Tom, _d1937- |
|
| 245 | 1 | 0 |
_aComputers today and tomorrow : _bthe microcomputer explosion / _cTom Logson. |
| 250 | _aTeachers ed. | ||
| 260 |
_aRockville, Md. : _bComputer Science Press, _cc1985. |
||
| 300 |
_axiii, 425 p. : _bill. (some col.) ; _c24 cm. |
||
| 500 | _aIncludes index. | ||
| 504 | _aBibliography: p. 348-354. | ||
| 650 | 0 | _aMicrocomputers. | |
| 650 | 0 |
_aComputers _xSocial aspects. |
|
| 906 |
_a7 _bcbc _corignew _d2 _encip _f19 _gy-gencatlg |
||
| 942 |
_2ddc _cBK |
||
| 999 |
_c1234 _d1234 |
||